Sports Quiz

Random Sports or Nation Quiz

We Didn't Make The World Cup! Quiz Stats

 Plays Quiz Updated Feb 13, 2019

Challenge
Share
Tweet
Embed
Score 0/105 Timer 08:00
2 Plays Today
Hint Answer % Correct
2018Italy
91.6%
2018United States
89.1%
2010Sweden
86%
2014Sweden
86%
1998Sweden
86%
2018Chile
84.6%
2006Republic of Ireland
82.5%
2010Republic of Ireland
82.5%
2006Russia
82.2%
2010Russia
82.2%
1998Russia
82.2%
2002Yugoslavia
81.5%
1994France
80.9%
2018Netherlands
80.2%
1994Portugal
79.7%
1998Portugal
79.7%
1994England
79.6%
2002Norway
79.6%
2006Norway
79.6%
2010Norway
79.6%
2002Chile
78.9%
2002Netherlands
78.9%
2018Republic of Ireland
77.9%
2006Denmark
77.8%
2014Denmark
77.8%
1994Denmark
77.8%
1994Czechoslovakia
77.8%
1994Poland
75.8%
1994Uruguay
75.6%
1998Uruguay
75.6%
2006Uruguay
75.6%
2002Colombia
75.6%
2006Colombia
75.6%
2010Colombia
75.6%
1994Egypt
75.3%
Hint Answer % Correct
1998Egypt
75.3%
2002Egypt
75.3%
2006Egypt
75.3%
2010Egypt
75.3%
2014Egypt
75.3%
1998Greece
74.7%
2006Greece
74.7%
2018Wales
72.6%
1994Scotland
72.1%
2014Scotland
72.1%
1994Austria
72.1%
1998Australia
72.1%
1998Peru
71.5%
2002Peru
71.5%
2014Peru
71.5%
1998Turkey
71.4%
2006Turkey
71.4%
2010Turkey
71.4%
2002Ukraine
71.1%
2010Ukraine
71.1%
2014Ukraine
71.1%
2014Czech Republic
71.1%
1998Czech Republic
71.1%
2002Czech Republic
71.1%
2010Czech Republic
71.1%
2018Scotland
70.5%
2006Nigeria
69.7%
2018Paraguay
69.6%
1998Slovakia
68.3%
2002Slovakia
68.3%
2010Croatia
68%
2018Austria
67.8%
1994Wales
67.7%
2018Turkey
65.8%
2014Serbia
65.6%
Hint Answer % Correct
2002Romania
65.1%
2006Romania
65.1%
2010Romania
65.1%
2014Romania
65.1%
2018Slovakia
64.6%
2014Slovenia
64.3%
2018Ukraine
63.7%
2006Cameroon
62.7%
1998Ecuador
62.1%
2010Ecuador
62.1%
1994Cote d'Ivoire
61.9%
1994Algeria
61.9%
2006Bulgaria
61%
2010Bulgaria
61%
2014Venezuela
60.8%
2002Iran
59.4%
1998Bolivia
58.5%
2002Morocco
58%
2006Morocco
58%
2018Northern Ireland
57.8%
2018Bulgaria
57.6%
2002Honduras
56.1%
2014Panama
49.6%
2010Northern Ireland
49.2%
1994Tunisia
48.4%
2006Senegal
46.1%
2010Israel
43.7%
1998Lithuania
38.3%
2002Trinidad and Tobago
32.4%
2018Democratic Republic of the Congo
28.8%
2014Mali
28%
1994Zambia
23.9%
1998Zambia
23.9%
2014Armenia
19%
2014Cabo Verde
8.5%

You're not logged in!

Compare scores with friends on all Sporcle quizzes.
OR
Log In

You Might Also Like...

Show Comments

Extras

Top Quizzes Today


Score Distribution

Your Account Isn't Verified!

In order to create a playlist on Sporcle, you need to verify the email address you used during registration. Go to your Sporcle Settings to finish the process.

Report this User

Report this user for behavior that violates our Community Guidelines.

Details: